Arte y antropologia / (Record no. 44299)

MARC details
000 -LEADER
fixed length control field 00539nam a22001817a 4500
008 - FIXED-LENGTH DATA ELEMENTS--GENERAL INFORMATION
fixed length control field 131031t sp||||| |||| 00| 0 spa d
020 ## - INTERNATIONAL STANDARD BOOK NUMBER
International Standard Book Number 8420679097
050 04 - LIBRARY OF CONGRESS CALL NUMBER
Classification number N72 .A56
Item number A43 1998
100 1# - MAIN ENTRY--PERSONAL NAME
Personal name Alcina Franch, José
245 10 - TITLE STATEMENT
Title Arte y antropologia /
Statement of responsibility, etc José Alcina Franch
250 ## - EDITION STATEMENT
Edition statement 1a ed.
260 ## - PUBLICATION, DISTRIBUTION, ETC. (IMPRINT)
Place of publication, distribution, etc Barcelona :
Name of publisher, distributor, etc Alianza,
Date of publication, distribution, etc 1998
300 ## - PHYSICAL DESCRIPTION
Extent 302 p. :
Other physical details il. ;
Dimensions 23 cm.
440 #0 - SERIES STATEMENT/ADDED ENTRY--TITLE
Title Arte y Música
Name of part/section of a work Ensayos ;
Volume number/sequential designation 077
504 ## - BIBLIOGRAPHY, ETC. NOTE
Bibliography, etc Bibliografia: p. 281-287 e índice
650 #4 - SUBJECT ADDED ENTRY--TOPICAL TERM
Topical term or geographic name as entry element Arte y antropología
942 ## - ADDED ENTRY ELEMENTS (KOHA)
Source of classification or shelving scheme Biblioteca del Cogreso de los Estados Unidos
Koha item type Libro
Holdings
Estado de pérdida Fuente de clasificación Estado del daño No para préstamo Ubicación permanente Ubicación actual Fecha de adquisición Fuente de adquisición Enumeración de Serie / Cronológica Clasificación Código de Barras Date last seen Número de copia Tipo de recurso Nota pública
  Biblioteca del Cogreso de los Estados Unidos     Biblioteca de la Facultad de Letras Biblioteca de la Facultad de Letras 31/10/2013   LLH000003255 N72 .A56 A43 1998 LLH000003255 31/10/2013 C.1 Libro General